Manual de Prt̀ica Eleitoral

Detalles Bibliográficos
Autor principal: Dirceu Barros, Francisco
Formato: eBook
Lenguaje:portugués
Publicado: San Pablo: JH Mizuno, 2018
Materias:
Acceso en línea:Acceso restringido

MARC

LEADER 00000nam a22000007a 4500
005 2019072300170.0
007 cr|||| ||||
008 190723s2018 br |||||s|||| 00||0 por d
020 |a 978-85-7789-353-9 
035 |a 23850 
040 |a vLex 
090 |c 9055  |d 9055 
100 1 |a Dirceu Barros, Francisco 
245 1 0 |a Manual de Prt̀ica Eleitoral  |h [Recurso electrn̤ico] /  |c Francisco Dirceu Barros 
256 |a Servicio en ln̕ea 
260 |a San Pablo:  |b JH Mizuno,  |c 2018 
300 |a 1 recurso electrn̤ico 
500 |a Da atenta leitura dos julgados do TSE, constamos, com pesar, a quantidade de aė̳s que sô julgadas sem julgamento do mřito por erro procedimental quanto ̉legitimidade ativa, quanto ̉legitimidade passiva, por serem intempestivas e por outros erros que denotam ausn̊cia de conhecimento do desenvolvimento ter̤ico das aė̳s eleitorais, fato que contribui para que pessoas que nô estô legitimadas ao exercc̕io do mandato assumam cargos pb︢licos. O presente livro tem como principal escopo resolver esse problema, apresentando a teoria das aė̳s eleitorais e modelos para promotores, advogados e juz̕es eleitorais. “A riqus̕sima trajetr̤ia prt̀ica do autor e o enfrentamento profissional de casus̕tica inalcanv̇̀el pelo mais criativo legislador, fecundam um Direito Eleitoral vivo e pulsante, que se apresenta em um texto livre de paixe̳s, como se pode exigir de um graduado magistrado do Ministřio Pb︢lico. Quase impossv̕el nô querer ter este livro ̉mô como um criterioso e coerente conselheiro para aqueles que trabalham com o Direito Eleitoral”. 
506 1 |a Disponible solo en los productos indicados  |d vLex Global  |d vLex Global (Academic Edition, excluding Law Schools)  |d vLex Global (U.S. Academic Edition, Law Schools)  |d vLex Global (U.S. Academic Edition, excluding Law Schools)  |d vLex Global (Academic Edition, Law Schools) 
650 0 4 |a Derecho Constitucional  |z Brasil 
740 0 |a vLex Libros (Servicio en ln̕ea) 
856 4 0 |u http://vlex.com/source/manual-de-pratica-eleitoral-23850  |z Acceso restringido 
942 |c BOOK 
999 0 |a Constitutional right